Indemnity costs (Record no. 76274)

MARC details
000 -LEADER
fixed length control field 00961cab a2200205 4500
001 - CONTROL NUMBER
control field ##L131786
008 - FIXED-LENGTH DATA ELEMENTS--GENERAL INFORMATION
fixed length control field 051208n2005 000 0 eng u
035 ## - SYSTEM CONTROL NUMBER
System control number (Sirsi) u131786
041 0# - LANGUAGE CODE
Language code of text/sound track or separate title eng
100 1# - MAIN ENTRY--PERSONAL NAME
Personal name Brewer, Geoff
245 00 - TITLE STATEMENT
Title Indemnity costs
260 ## - PUBLICATION, DISTRIBUTION, ETC.
Date of publication, distribution, etc. 2005
490 #0 - SERIES STATEMENT
Series statement Contract Journal
Volume/sequential designation 431(6554) 7 December 2005, 22(1)
520 ## - SUMMARY, ETC.
Summary, etc. Discusses the provisions of the Civil Procedure Rules Part 44 on the payment of costs in relation to "Wates Construction Ltd v HGP Greentree Allchurch Evans Ltd" ([2005] EWHC 2174 (TCC), L131793), where the judge ordered W to pay indemnity costs to H, on the grounds that W's conduct in persisting with the proceedings had been unreasonable.
590 ## - LOCAL NOTE (RLIN)
Local note IKA030106
650 24 - SUBJECT ADDED ENTRY--TOPICAL TERM
Topical term or geographic name entry element WATES CONSTRUCTION LTD V HGP GREENTREE ALLCHURCH EVANS LTD
650 24 - SUBJECT ADDED ENTRY--TOPICAL TERM
Topical term or geographic name entry element CIVIL PROCEDURE RULES PART 44
690 ## - LOCAL SUBJECT ADDED ENTRY--TOPICAL TERM (OCLC, RLIN)
Topical term or geographic name as entry element MANAGEMENT-DISPUTE AVOIDANCE, MANAGEMENT AND RESOLUTION-DISPUTE MANAGEMENT AND RESOLUTION
942 ## - ADDED ENTRY ELEMENTS (KOHA)
Suppress in OPAC 0
Holdings
Withdrawn status Lost status Source of classification or shelving scheme Damaged status Not for loan Home library Current library Shelving location Date acquired Total Checkouts Full call number Barcode Date last seen Copy number Price effective from Koha item type
    Dewey Decimal Classification     London London Journal article 08/12/2005   L131786 131786-1001 06/08/2019 1 06/08/2019 Journal article